2023 NCAA Wrestling All Americans - Statistics

General Stats
  • This quiz has been taken 34 times
  • The average score is 21 of 80
Answer Stats
Weight & Placementt College Wrestling % Correct
125 ILB 2nd Place Purdue Matt Ramos
82%
125 ILB 1st Place Princeton Pat Glory
76%
125 ILB 6th Place Iowa Spencer Lee
76%
133 ILB 4th Place Oklahoma State Daton Fix
71%
174 ILB 7th Place Ohio State Ethan Smith
65%
133 ILB 2nd Place Penn State Roman Bravo Young
65%
133 ILB 1st Place Cornell Vito Arujau
65%
141 ILB 1st Place Northern Colorado Andrew Alirez
53%
125 ILB 3rd Place Arizona State Brandon Courtney
53%
133 ILB 6th Place Ohio State Jesse Mendez
53%
141 ILB 2nd Place Iowa Real Woods
53%
125 ILB 4th Place Lock Haven Anthony Noto
47%
141 ILB 3rd Place Penn State Beau Bartlett
47%
174 ILB 1st Place Penn State Carter Starocci
47%
165 ILB 2nd Place Iowa State David Carr
47%
133 ILB 8th Place NC State Kai Orine
47%
133 ILB 3rd Place Arizona State Michael McGee
47%
184 ILB 1st Place Penn State Aaron Brooks
41%
149 ILB 5th Place Virginia Tech Caleb Henson
41%
157 ILB 2nd Place Penn State Levi Haines
41%
149 ILB 2nd Place Ohio State Sammy Sasso
41%
149 ILB 1st Place Cornell Yianni Diakomihalis
41%
141 ILB 4th Place North Carolina Lachlan McNeil
35%
141 ILB 6th Place Nebraska Brock Hardy
29%
285 ILB 2nd Place Penn State Greg Kerkvliet
29%
149 ILB 4th Place Arizona State Kyle Parco
29%
285 ILB 1st Place Michigan Mason Parris
29%
197 ILB 3rd Place Missouri Rocky Elam
29%
133 ILB 7th Place Virginia Tech Sam Latona
29%
149 ILB 3rd Place Penn State Shayne Van Ness
29%
285 ILB 6th Place Missouri Zach Elam
29%
133 ILB 5th Place Minnesota Aaron Nagao
24%
157 ILB 7th Place Virginia Tech Bryce Andonian
24%
165 ILB 4th Place Michigan Cameron Amine
24%
285 ILB 7th Place Arizona State Cohlton Schultz
24%
125 ILB 7th Place Virginia Tech Eddie Ventresca
24%
197 ILB 5th Place Iowa Jacob Warner
24%
157 ILB 3rd Place Lehigh Josh Humphreys
24%
125 ILB 8th Place West Virginia Killian Cardinale
24%
125 ILB 5th Place Nebraska Liam Cronin
24%
165 ILB 3rd Place Princeton Quincy Monday
24%
165 ILB 5th Place Stanford Shane Griffith
24%
184 ILB 4th Place NC State Trent Hidlay
24%
285 ILB 3rd Place Air Force Wyatt Hendrickson
24%
141 ILB 5th Place South Dakota State Clay Carlson
18%
165 ILB 6th Place Wisconsin Dean Hamiti
18%
157 ILB 4th Place North Dakota State Jared Franek
18%
197 ILB 7th Place Penn State Max Dean
18%
149 ILB 6th Place Iowa Max Murin
18%
174 ILB 2nd Place Nebraska Mikey Labriola
18%
157 ILB 6th Place Nebraska Peyton Robb
18%
197 ILB 2nd Place South Dakota State Tanner Sloan
18%
285 ILB 4th Place Iowa Tony Cassioppi
18%
174 ILB 6th Place Oklahoma State Dustin Plott
12%
157 ILB 5th Place NC State Ed Scott
12%
174 ILB 4th Place Virginia Tech Mekhi Lewis
12%
165 ILB 7th Place North Dakota State Michael Caliendo
12%
174 ILB 5th Place Iowa Nelson Brands
12%
184 ILB 2nd Place Northern Iowa Parker Keckeisen
12%
197 ILB 4th Place Cal Poly Bernie Truax
6%
149 ILB 7th Place Missouri Brock Mauller
6%
174 ILB 3rd Place Cornell Chris Foca
6%
141 ILB 8th Place Ohio State Dylan D´Emilio
6%
197 ILB 6th Place Rider Ethan Laird
6%
197 ILB 8th Place Cornell Jacob Cardenas
6%
285 ILB 5th Place Northwestern Lucas Davison
6%
184 ILB 5th Place Iowa State Marcus Coleman
6%
149 ILB 8th Place Minnesota Michael Blockhus
6%
141 ILB 7th Place Purdue Parker Filius
6%
174 ILB 8th Place Missouri Peyton Mocco
6%
285 ILB 8th Place Wisconsin Trent Hillger
6%
184 ILB 7th Place Clarion Will Feldkamp
6%
157 ILB 8th Place Michigan Will Lewan
6%
157 ILB 1st Place North Carolina Austin O´Connor
0%
184 ILB 8th Place North Carolina Gavin Kane
0%
165 ILB 8th Place Southern Illinois Izzak Olejnik
0%
184 ILB 3rd Place Ohio State Kaleb Romero
0%
165 ILB 1st Place Missouri Keegan O´Toole
0%
197 ILB 1st Place Pittsburgh Nino Bonaccrosi
0%
184 ILB 6th Place Oregon State Trey Munoz
0%
No matching quizzes found
Score Distribution
Percent of People with Each Score
Percentile by Number Answered
Your Score History
You have not taken this quiz